[Event "Ulan Bator Mongolia Fed"]
[Site "Ulan Bator"]
[Date "2024.03.21"]
[Round "1"]
[White "Udval, Enkhsaikhan"]
[Black "Ulziikhishig, Khishigbat"]
[Result "0-1"]
[WhiteElo "1811"]
[BlackElo "1984"]
[PlyCount "142"]
[EventDate "2024.03.21"]
[EventType "swiss"]
[EventRounds "7"]
[EventCountry "MGL"]
[SourceTitle "CB13_2024"]
[SourceDate "2024.03.27"]
[SourceVersion "1"]
[SourceVersionDate "2024.03.27"]
[SourceQuality "1"]

1. d4 c5 2. d5 e5 3. c4 d6 4. e4 Be7 5. Nf3 f5 6. exf5 Bxf5 7. Nc3 Nf6 8. Be2 Na6 9. 0-0 Qd7 10. a3 0-0-0 11. b4 Qc7 12. Qa4 Bd7 13. Nb5 Qb6 14. Be3 Ng4 15. bxc5 Nxc5 16. Bxc5 Qxc5 17. Nxa7+ Kb8 18. Nb5 Bxb5 19. cxb5 Nf6 20. Rac1 Qb6 21. Qb3 Rc8 22. Nd2 Rxc1 23. Rxc1 Qd4 24. Nc4 Rf8 25. Rd1 Qc5 26. Qe3 Rc8 27. Nb6 Qxe3 28. fxe3 Rc2 29. Bd3 Rc3 30. e4 Rxa3 31. Kf2 Ra2+ 32. Kf3 Kc7 33. Nc4 Nh5 34. Rc1 Kd7 35. Rc2 Ra1 36. g3 Bd8 37. Kg2 Nf6 38. Kf3 h5 39. Kg2 Rd1 40. Rd2 Ra1 41. Rc2 g5 42. Rf2 Ke7 43. Rf5 Ra2+ 44. Rf2 Ra4 45. Kf3 Ra1 46. Rf1 Ra2 47. Rf2 Ra4 48. Rf1 Ng4 49. Ke2 Ra2+ 50. Ke1 Nxh2 51. Rf2 Ra1+ 52. Kd2 Ra2+ 53. Ke1 Ra1+ 54. Kd2 Ng4 55. Rf5 Kd7 56. Rf7+ Be7 57. Nb6+ Ke8 58. Rf5 Ra2+ 59. Kc3 Rg2 60. Nc8 Rxg3 61. Nxe7 Kxe7 62. Rxg5 h4 63. Rg7+ Kd8 64. Rxb7 Nf2 65. Rh7 Nxd3 66. Rxh4 Kc7 67. Kc4 Nc5 68. Kb4 Kb6 69. Kc4 Re3 70. Rh6 Nxe4 71. Rh8 Nc5 0-1

[Event "MGL-ch (Women)"]
[Site "Ulaanbaatar"]
[Date "2023.05.30"]
[Round "11"]
[White "Mungunzul, Bat Erdene"]
[Black "Udval, Enkhsaikhan"]
[Result "1-0"]
[WhiteElo "2299"]
[BlackElo "1682"]
[PlyCount "77"]
[EventDate "2023.05.20"]
[EventType "tourn"]
[EventRounds "11"]
[EventCountry "MGL"]
[SourceTitle "CBM 214 Extra"]
[Source "ChessBase"]
[SourceDate "2023.07.31"]
[SourceVersion "1"]
[SourceVersionDate "2023.07.31"]
[SourceQuality "1"]

1. d4 d5 2. c4 c6 3. Nc3 Nf6 4. Nf3 e6 5. Bg5 h6 6. Bh4 dxc4 7. e4 g5 8. Bg3 b5 9. Be2 Bb7 10. h4 g4 11. Ne5 Nbd7 12. Nxd7 Qxd7 13. Be5 Qe7 14. Bxg4 Rg8 15. Bf3 a6 16. 0-0 Nd7 17. Bg3 e5 18. d5 Qc5 19. dxc6 Bxc6 20. Kh1 0-0-0 21. Qe2 Nb6 22. Bg4+ Bd7 23. Bxd7+ Rxd7 24. Rfd1 Be7 25. Rxd7 Nxd7 26. a4 Qc6 27. axb5 axb5 28. Nd5 Bd6 29. Qf3 Rf8 30. b3 cxb3 31. Qxb3 Nc5 32. Qe3 f5 33. Qxh6 Kb7 34. Nb4 Qc7 35. exf5 Ne4 36. Nd5 Qf7 37. Ne3 Qe7 38. Qh5 Bc5 39. Qf3 1-0

[Event "MGL-ch (Women)"]
[Site "Ulaanbaatar"]
[Date "2023.05.24"]
[Round "5"]
[White "Bayarmaa, Bayarjargal"]
[Black "Udval, Enkhsaikhan"]
[Result "1/2-1/2"]
[WhiteElo "2167"]
[BlackElo "1682"]
[PlyCount "164"]
[EventDate "2023.05.20"]
[EventType "tourn"]
[EventRounds "11"]
[EventCountry "MGL"]
[SourceTitle "CBM 214 Extra"]
[Source "ChessBase"]
[SourceDate "2023.07.31"]
[SourceVersion "1"]
[SourceVersionDate "2023.07.31"]
[SourceQuality "1"]

1. d4 d5 2. c4 c6 3. Nc3 Nf6 4. cxd5 cxd5 5. Bf4 Nc6 6. e3 a6 7. Bd3 e6 8. Rc1 Bd6 9. Nge2 0-0 10. 0-0 Na5 11. Qc2 Bxf4 12. Nxf4 Bd7 13. b4 Nc6 14. Qb2 b5 15. Bb1 Ne8 16. e4 Qf6 17. Nfe2 Nxd4 18. Nxd4 Qxd4 19. Rfd1 Qf6 20. exd5 exd5 21. Qc2 Qh6 22. Nxd5 Bg4 23. Rd4 Be6 24. Ne7+ Kh8 25. g3 g6 26. Re1 Qg5 27. Qe4 Ng7 28. Nc6 Rae8 29. h4 Qf6 30. Qe5 Bd5 31. Ne7 Qxe5 32. Rxe5 Be6 33. Nc6 Bc4 34. Kh2 Ne6 35. Rd6 Rc8 36. Na5 Rfd8 37. Nb7 Rxd6 38. Nxd6 Rc7 39. Ne4 Rd7 40. a3 Kg7 41. Nc3 h5 42. Kg2 Rd2 43. Re1 f5 44. Rd1 Rb2 45. Bd3 Bxd3 46. Rxd3 Rb3 47. Rd7+ Kf8 48. Nd5 Rxa3 49. Rd6 Kf7 50. Rd7+ Kf8 51. Rd6 Kf7 52. Rd7+ Kf8 53. Ra7 Ra4 54. Ne7 Kf7 55. Nxf5+ Kf6 56. Ne3 Ke5 57. Ra8 Rxb4 58. Rxa6 Nf8 59. Rb6 Rb3 60. Rb8 Ne6 61. Rb6 Nf8 62. Kf3 b4 63. Ke2 Rb2+ 64. Kf3 Rb3 65. Ke2 Rb2+ 66. Kf3 Rb3 67. g4 Rb1 68. g5 Ne6 69. Nc4+ Kd5 70. Ne3+ Ke5 71. Nc4+ Kd5 72. Nd2 Nd4+ 73. Ke3 Nf5+ 74. Kd3 Rh1 75. Rxg6 Rxh4 76. Rf6 Nd6 77. Kc2 Rg4 78. f3 Rg2 79. Kd3 Rxg5 80. Rxd6+ Kxd6 81. Ne4+ Ke5 82. Nxg5 Kf4 1/2-1/2

[Event "MGL-ch (Women)"]
[Site "Ulaanbaatar"]
[Date "2023.05.20"]
[Round "1"]
[White "Udval, Enkhsaikhan"]
[Black "Khuslen, Erdenebayar"]
[Result "0-1"]
[WhiteElo "1682"]
[BlackElo "1835"]
[PlyCount "142"]
[EventDate "2023.05.20"]
[EventType "tourn"]
[EventRounds "11"]
[EventCountry "MGL"]
[SourceTitle "CBM 214 Extra"]
[Source "ChessBase"]
[SourceDate "2023.07.31"]
[SourceVersion "1"]
[SourceVersionDate "2023.07.31"]
[SourceQuality "1"]

1. d4 Nf6 2. c4 c5 3. d5 b5 4. cxb5 a6 5. bxa6 g6 6. Nc3 Bxa6 7. e4 Bxf1 8. Kxf1 d6 9. g3 Bg7 10. Kg2 0-0 11. Nf3 Qb6 12. Qe2 Na6 13. a4 Nc7 14. Nd2 Nd7 15. Nc4 Qa6 16. Bd2 Rfb8 17. Rhb1 Ne5 18. Nxe5 Bxe5 19. Qxa6 Rxa6 20. Nd1 Rab6 21. a5 Rb3 22. Bc3 Bxc3 23. Nxc3 Na6 24. Na4 R8b4 25. f3 Rb5 26. Nb6 Rxb2+ 27. Rxb2 Rxb2+ 28. Kg1 Rb4 29. Ra4 Rb1+ 30. Kf2 Rb2+ 31. Kg1 f5 32. f4 fxe4 33. Rxe4 Kf7 34. Nc8 Rb7 35. Kg2 Nb4 36. Nb6 Ra7 37. Nc8 Rb7 38. Nb6 Ra7 39. Nc8 Rc7 40. Nb6 Rb7 41. Kf3 Kf8 42. Re1 Ra7 43. Ra1 Kf7 44. g4 Rc7 45. Ke4 Kf6 46. Ra3 Na6 47. Rh3 Kg7 48. Kd3 c4+ 49. Kd4 Rc5 50. Nxc4 Nb4 51. Rb3 Rxd5+ 52. Kc3 Na6 53. Rb6 Nc5 54. a6 Na4+ 55. Kb4 Nxb6 56. Nxb6 Rd4+ 57. Kb5 Rxf4 58. a7 Rf8 59. a8Q Rxa8 60. Nxa8 Kf6 61. h4 g5 62. h5 Ke5 63. Nc7 Kf4 64. Nd5+ Kxg4 65. h6 Kh5 66. Nxe7 Kxh6 67. Nf5+ Kg6 68. Nxd6 g4 69. Ne4 Kf5 70. Ng3+ Kf4 71. Nh5+ Ke5 0-1

[Event "Ulaanbaatar Mica op 2nd"]
[Site "Ulaanbaatar"]
[Date "2022.03.26"]
[Round "6"]
[White "Soronzonbold, Buyantogtokh"]
[Black "Udval, Enkhsaikhan"]
[Result "0-1"]
[WhiteElo "1138"]
[BlackElo "1710"]
[PlyCount "62"]
[EventDate "2022.03.23"]
[EventType "swiss"]
[EventRounds "9"]
[EventCountry "MGL"]
[SourceTitle "CBM 207 Extra"]
[Source "ChessBase"]
[SourceDate "2022.05.31"]
[SourceVersion "1"]
[SourceVersionDate "2022.05.31"]
[SourceQuality "1"]

1. e4 e6 2. d4 d5 3. exd5 exd5 4. Bd3 Bd6 5. Nf3 Ne7 6. Bg5 f6 7. Be3 Nbc6 8. a3 Bg4 9. Nbd2 Qd7 10. c3 0-0-0 11. Qc2 Nf5 12. 0-0-0 Nce7 13. Rde1 g6 14. h3 Bxf3 15. Nxf3 Nxe3 16. fxe3 Bg3 17. Re2 f5 18. Nd2 Ng8 19. c4 Nf6 20. Nf1 Bd6 21. c5 Bf8 22. Nd2 Nh5 23. Rhe1 Bh6 24. Nf3 Rhe8 25. Ne5 Rxe5 26. dxe5 d4 27. Qc4 dxe3 28. Rxe3 Qxd3 29. Qxd3 Rxd3 30. e6 Rxe3 31. Rxe3 Bxe3+ 0-1

[Event "World Cup U18 Girls Prel"]
[Site "Tornelo INT"]
[Date "2021.08.01"]
[Round "5"]
[White "Espinoza Coca, Laura"]
[Black "Udval, Enkhsaikhan"]
[Result "0-1"]
[WhiteElo "1086"]
[BlackElo "1710"]
[PlyCount "82"]
[EventDate "2021.08.01"]
[EventType "swiss (rapid)"]
[EventRounds "10"]
[EventCountry "NET"]
[SourceTitle "EXT 2024"]
[Source "ChessBase"]
[SourceDate "2023.10.10"]
[SourceVersion "1"]
[SourceVersionDate "2023.10.10"]
[SourceQuality "1"]

1. e4 e6 2. d4 d5 3. e5 c5 4. c3 Qb6 5. f4 Nc6 6. Nf3 Bd7 7. b3 cxd4 8. cxd4 Bb4+ 9. Bd2 Nxd4 10. Bd3 Ne7 11. Bxb4 Qxb4+ 12. Nbd2 Nxf3+ 13. Qxf3 Rc8 14. Rd1 Qb6 15. g4 Nc6 16. Qe2 Nd4 17. Qf2 Nc2+ 18. Ke2 Qxf2+ 19. Kxf2 Nb4 20. Bb1 Ke7 21. Nf3 Rc3 22. Rhe1 Rhc8 23. f5 Nc2 24. Re2 Bb5 25. Red2 Ne3 26. Rg1 Nc2 27. h4 Na3 28. Nd4 Nxb1 29. Rxb1 Bd3 30. Rbd1 Be4 31. Re1 Rh3 32. h5 Rh2+ 33. Ke3 Rc3+ 34. Kf4 Rxd2 35. f6+ gxf6 36. exf6+ Kxf6 37. g5+ Ke7 38. Nb5 Rf3+ 39. Kg4 Rg2+ 40. Kh4 Bf5 41. Rh1 Rf4# 0-1

[Event "World Cup U18 Girls Prel"]
[Site "Tornelo INT"]
[Date "2021.08.01"]
[Round "7"]
[White "Salazar Gould, Melannie"]
[Black "Udval, Enkhsaikhan"]
[Result "0-1"]
[WhiteElo "1961"]
[BlackElo "1710"]
[PlyCount "106"]
[EventDate "2021.08.01"]
[EventType "swiss (rapid)"]
[EventRounds "10"]
[EventCountry "NET"]
[SourceTitle "EXT 2024"]
[Source "ChessBase"]
[SourceDate "2023.10.10"]
[SourceVersion "1"]
[SourceVersionDate "2023.10.10"]
[SourceQuality "1"]

1. e4 e6 2. d3 d5 3. Nd2 c5 4. Ngf3 Nc6 5. g3 g6 6. Bg2 Bg7 7. 0-0 Nf6 8. Re1 0-0 9. h4 a5 10. c3 a4 11. Qe2 b5 12. Nf1 Ba6 13. e5 Nd7 14. d4 b4 15. Qd1 cxd4 16. cxd4 f6 17. exf6 Qxf6 18. Bg5 Qf7 19. Qd2 Nf6 20. Bxf6 Qxf6 21. Rad1 Bc4 22. N1h2 h5 23. Bh3 Rae8 24. Ng5 Nxd4 25. Qe3 e5 26. Rd2 Bxa2 27. g4 Qf4 28. gxh5 Qxh4 29. hxg6 Bh6 30. Rxd4 Qxd4 31. Qxd4 exd4 32. Ne6 Rf6 33. Kf1 Bc4+ 34. Kg2 Rxg6+ 35. Ng4 Rexe6 36. Rxe6 Rxe6 37. Kf3 Be2+ 38. Kg3 Bxg4 39. Bxg4 Rg6 40. Kh4 Rxg4+ 41. Kxg4 d3 42. Kf5 d2 43. b3 d1Q 44. f4 Qd3+ 45. Ke6 Qe4+ 46. Kd6 Bxf4+ 47. Kc5 axb3 48. Kb5 Qc4+ 49. Kb6 Bc7+ 50. Kb7 Ba5 51. Ka8 Qb5 52. Ka7 Bc7 53. Ka8 Qb8# 0-1

[Event "World Cup U18 Girls Prel"]
[Site "Tornelo INT"]
[Date "2021.08.01"]
[Round "9"]
[White "Singgih, Diajeng Theresa"]
[Black "Udval, Enkhsaikhan"]
[Result "1-0"]
[WhiteElo "1972"]
[BlackElo "1710"]
[PlyCount "123"]
[EventDate "2021.08.01"]
[EventType "swiss (rapid)"]
[EventRounds "10"]
[EventCountry "NET"]
[SourceTitle "EXT 2024"]
[Source "ChessBase"]
[SourceDate "2023.10.10"]
[SourceVersion "1"]
[SourceVersionDate "2023.10.10"]
[SourceQuality "1"]

1. e4 e6 2. d4 d5 3. exd5 exd5 4. Nf3 Bd6 5. Bd3 Nc6 6. c3 Nge7 7. 0-0 Bg4 8. Re1 Qd7 9. Be3 f6 10. Nbd2 0-0 11. b3 Rfe8 12. c4 Nb4 13. Bb1 c6 14. a3 Na6 15. h3 Bf5 16. Nh4 Bxb1 17. Nxb1 Nf5 18. Qg4 g6 19. Nc3 Rad8 20. cxd5 Nxe3 21. Qxd7 Rxd7 22. dxc6 bxc6 23. Rxe3 Rde7 24. Rxe7 Rxe7 25. b4 Nc7 26. Nf3 Kf7 27. Kf1 Ke8 28. Na4 Nb5 29. Nc5 Kd8 30. a4 Nc3 31. Ra3 Nd5 32. Rb3 Nb6 33. Nd2 Bxc5 34. bxc5 Nxa4 35. Nc4 Re4 36. Na5 Kc7 37. Rb7+ Kc8 38. Rxa7 Rxd4 39. Nxc6 Rc4 40. Rxh7 Nxc5 41. Ne7+ Kd8 42. Nxg6 Ne4 43. Rh8+ Kd7 44. f3 Rc1+ 45. Ke2 Rc2+ 46. Kd3 Rxg2 47. Kxe4 Rxg6 48. Kf5 Rg3 49. f4 Rf3 50. h4 Ke7 51. Rh7+ Ke8 52. Rh6 Ke7 53. h5 Rh3 54. Rh7+ Ke8 55. Kxf6 Rf3 56. f5 Ra3 57. Rh8+ Kd7 58. Kf7 Ra7 59. f6 Kd6+ 60. Kg6 Ke5 61. Re8+ Kd6 62. f7 1-0

[Event "World Cup U18 Girls Prel"]
[Site "Tornelo INT"]
[Date "2021.08.01"]
[Round "3"]
[White "Van Jaarsveld, Anje"]
[Black "Udval, Enkhsaikhan"]
[Result "0-1"]
[WhiteElo "1312"]
[BlackElo "1710"]
[PlyCount "122"]
[EventDate "2021.08.01"]
[EventType "swiss (rapid)"]
[EventRounds "10"]
[EventCountry "NET"]
[SourceTitle "EXT 2024"]
[Source "ChessBase"]
[SourceDate "2023.10.10"]
[SourceVersion "1"]
[SourceVersionDate "2023.10.10"]
[SourceQuality "1"]

1. e4 e6 2. d4 d5 3. Nd2 c5 4. c3 Nc6 5. Ne2 cxd4 6. cxd4 Bb4 7. e5 Nh6 8. a3 Be7 9. Nf3 Nf5 10. Bf4 Qb6 11. b4 Bd7 12. Rc1 Rc8 13. Qd2 a5 14. bxa5 Nxa5 15. Rxc8+ Bxc8 16. Qc2 Bd7 17. Ng3 Nxd4 18. Nxd4 Qxd4 19. Qd2 Qa1+ 20. Qc1 Qxa3 21. Qxa3 Bxa3 22. Bd3 Bb4+ 23. Bd2 Nc6 24. f4 Ke7 25. Bb5 Bxd2+ 26. Kxd2 Nxe5 27. Bxd7 Nxd7 28. Rb1 b6 29. Ne2 Ra8 30. Rb2 Ra4 31. g3 Kd6 32. Nc3 Rc4 33. Nb5+ Kc5 34. Na3 Rd4+ 35. Ke3 Rd1 36. Rc2+ Kb4 37. Rc7 Nc5 38. Nc2+ Kc3 39. Na3 d4+ 40. Ke2 Rd2+ 41. Kf3 Rb2 42. Rxf7 Kb4 43. Rxg7 Kxa3 44. Rxh7 d3 45. Rh8 Kb3 46. Rd8 Kc3 47. h4 d2 48. h5 Nd3 49. Rd6 d1Q+ 50. Ke4 Re2+ 51. Kf3 Qf1+ 52. Kg4 Nf2+ 53. Kg5 Ne4+ 54. Kg6 Nxd6 55. h6 Rh2 56. h7 Qd3+ 57. Kg7 Qxh7+ 58. Kf6 Qf5+ 59. Ke7 Ne4 60. g4 Rh7+ 61. Kd8 Qf8# 0-1

[Event "World ol U16"]
[Site "Corum"]
[Date "2019.11.01"]
[Round "5.12"]
[White "Ameer, Dhafer Abdulameer"]
[Black "Udval, Enkhsaikhan"]
[Result "0-1"]
[WhiteElo "1770"]
[BlackElo "1721"]
[PlyCount "60"]
[EventDate "2019.10.29"]
[EventType "team-swiss"]
[EventRounds "9"]
[EventCountry "TUR"]
[SourceTitle "CBM 192 Extra"]
[Source "Chessbase"]
[SourceDate "2019.11.06"]
[SourceVersion "1"]
[SourceVersionDate "2019.11.06"]
[SourceQuality "1"]
[WhiteTeam "Iraq"]
[BlackTeam "Mongolia"]
[WhiteTeamCountry "IRQ"]
[BlackTeamCountry "MGL"]

1. e4 e6 2. d4 d5 3. e5 c5 4. c3 Qb6 5. Nf3 Nc6 6. a3 Bd7 7. b4 cxd4 8. cxd4 Rc8 9. Be3 f6 10. Bd3 g6 11. 0-0 Bg7 12. Nbd2 fxe5 13. Nxe5 Nxe5 14. dxe5 Qd8 15. Nf3 Ne7 16. Rc1 b6 17. Qd2 Rxc1 18. Rxc1 Nc6 19. Bg5 Qb8 20. Bf6 Bxf6 21. exf6 Ne5 22. Qh6 Nxf3+ 23. gxf3 Qe5 24. Bxg6+ Kd8 25. f7 Qf6 26. Qd2 Qxg6+ 27. Kh1 Qxf7 28. Qg5+ Ke8 29. Qg3 Rg8 30. Qh3 e5 0-1

[Event "World ol U16"]
[Site "Corum"]
[Date "2019.10.30"]
[Round "2.18"]
[White "Lee, Dariya"]
[Black "Udval, Enkhsaikhan"]
[Result "1-0"]
[WhiteElo "1423"]
[BlackElo "1721"]
[PlyCount "83"]
[EventDate "2019.10.29"]
[EventType "team-swiss"]
[EventRounds "9"]
[EventCountry "TUR"]
[SourceTitle "CBM 192 Extra"]
[Source "Chessbase"]
[SourceDate "2019.11.06"]
[SourceVersion "1"]
[SourceVersionDate "2019.11.06"]
[SourceQuality "1"]
[WhiteTeam "Kyrgyzstan"]
[BlackTeam "Mongolia"]
[WhiteTeamCountry "KGZ"]
[BlackTeamCountry "MGL"]

1. c4 e5 2. Nc3 Nf6 3. g3 d5 4. cxd5 Nxd5 5. Bg2 Nb6 6. Nf3 Nc6 7. d3 Be7 8. 0-0 0-0 9. a3 Be6 10. b4 f6 11. Be3 Nd5 12. Nxd5 Bxd5 13. Rc1 a5 14. b5 Nd4 15. Nxd4 exd4 16. Bxd5+ Qxd5 17. Bf4 Bxa3 18. Rxc7 g5 19. e4 dxe3 20. Bxe3 Rac8 21. b6 Bd6 22. Rc1 Rfd8 23. Qa4 Bb4 24. Qa1 Qe6 25. Bd4 Rxc1 26. Rxc1 Kf7 27. Rc7+ Kg6 28. Rxb7 Re8 29. Be3 Qd5 30. Rc7 Qxd3 31. Qa2 Kf5 32. Qf7 Qb1+ 33. Rc1 Qe4 34. Qxh7+ Kg4 35. h3+ Kf3 36. Qh5+ g4 37. Qxg4+ Qxg4 38. hxg4 Kxg4 39. Bf4 a4 40. Rc4 Kh3 41. Be3 Rh8 42. Rxb4 1-0

[Event "MGL-ch (Women) 51st"]
[Site "Murun"]
[Date "2019.09.29"]
[Round "11"]
[White "Khulan, Enkhsaikhan"]
[Black "Udval, Enkhsaikhan"]
[Result "1/2-1/2"]
[WhiteElo "2085"]
[BlackElo "1721"]
[PlyCount "114"]
[EventDate "2019.09.21"]
[EventType "tourn"]
[EventRounds "11"]
[EventCountry "MGL"]
[SourceTitle "EXT 2020"]
[Source "ChessBase"]
[SourceDate "2019.10.17"]
[SourceVersion "1"]
[SourceVersionDate "2019.10.17"]
[SourceQuality "1"]

1. c4 e5 2. g3 Nf6 3. Bg2 d5 4. cxd5 Nxd5 5. Nf3 Nc6 6. 0-0 Be7 7. d4 exd4 8. Nxd4 Nxd4 9. Qxd4 Nf6 10. Qa4+ c6 11. Nc3 0-0 12. e4 Be6 13. Be3 Ng4 14. Rad1 Qc8 15. Bc1 b5 16. Qc2 Ne5 17. b3 Bh3 18. Bb2 Bxg2 19. Kxg2 f6 20. f4 Ng4 21. Rd3 Bc5 22. Bc1 Qe6 23. h3 Nh6 24. Qe2 Rae8 25. Re1 Nf7 26. Be3 Bxe3 27. Qxe3 a5 28. Rd4 g5 29. Qf3 Kh8 30. Rd2 gxf4 31. gxf4 Nd6 32. Rde2 Re7 33. Kh2 b4 34. Na4 Nb5 35. Rg2 Nd4 36. Qf2 Qd6 37. Nb6 Ne6 38. Rg4 Ng5 39. Nc4 Qc7 40. e5 Ne4 41. Qd4 f5 42. Rg2 c5 43. Qd5 Rd7 44. Nd6 Nxd6 45. Rd1 Rg7 46. Rxg7 Qxg7 47. Rg1 Qh6 48. exd6 Qxf4+ 49. Rg3 Qf2+ 50. Rg2 Qf4+ 51. Kg1 Qe3+ 52. Kh2 Qf4+ 53. Kh1 Qf1+ 54. Kh2 Qf4+ 55. Kg1 Qe3+ 56. Kh2 Qf4+ 57. Kh1 Qf1+ 1/2-1/2

[Event "MGL-ch (Women) 51st"]
[Site "Murun"]
[Date "2019.09.27"]
[Round "9"]
[White "Khuslen, Erdenebayar"]
[Black "Udval, Enkhsaikhan"]
[Result "1-0"]
[WhiteElo "1259"]
[BlackElo "1721"]
[PlyCount "131"]
[EventDate "2019.09.21"]
[EventType "tourn"]
[EventRounds "11"]
[EventCountry "MGL"]
[SourceTitle "EXT 2020"]
[Source "ChessBase"]
[SourceDate "2019.10.17"]
[SourceVersion "1"]
[SourceVersionDate "2019.10.17"]
[SourceQuality "1"]

1. e4 e6 2. d4 d5 3. Nc3 Nf6 4. e5 Nfd7 5. f4 c5 6. Nf3 Nc6 7. Be3 a6 8. dxc5 Bxc5 9. Nd4 Nxd4 10. Bxd4 b5 11. Qd2 Qb6 12. Ne2 Bb7 13. 0-0-0 Rc8 14. Kb1 Nb8 15. Bxc5 Qxc5 16. Nd4 Nc6 17. Nxc6 Bxc6 18. Bd3 d4 19. Rhe1 0-0 20. Be4 Rfd8 21. c3 Rd7 22. cxd4 Bxe4+ 23. Rxe4 Qd5 24. Re3 b4 25. g4 a5 26. f5 exf5 27. gxf5 Rc4 28. Rd3 Qe4 29. f6 h6 30. fxg7 Kxg7 31. Ka1 Rc6 32. d5 Rg6 33. Re1 Qg2 34. Kb1 Qxd2 35. Rxd2 Rg5 36. d6 Rg6 37. Rc1 Re6 38. Rc7 Rd8 39. d7 Re7 40. Rd6 h5 41. Kc2 Re6 42. Rxe6 fxe6 43. Kb3 Kg6 44. Ka4 Kf5 45. Kxa5 Kxe5 46. Kxb4 Kd6 47. Ra7 Kc6 48. Ra5 Rxd7 49. Rxh5 Rd2 50. Kc3 Re2 51. a4 e5 52. Rh6+ Kd5 53. a5 Re1 54. a6 Ra1 55. b4 Ke4 56. Re6 Kd5 57. Rg6 Ke4 58. h4 Kf5 59. Rd6 e4 60. Rd5+ Kf4 61. Ra5 Rc1+ 62. Kd2 Rc8 63. a7 e3+ 64. Kd3 Rd8+ 65. Ke2 Rd2+ 66. Ke1 1-0

[Event "MGL-ch (Women) 51st"]
[Site "Murun"]
[Date "2019.09.26"]
[Round "7"]
[White "Ankhchimeg, Bayanmunkh"]
[Black "Udval, Enkhsaikhan"]
[Result "1-0"]
[WhiteElo "2127"]
[BlackElo "1721"]
[PlyCount "63"]
[EventDate "2019.09.21"]
[EventType "tourn"]
[EventRounds "11"]
[EventCountry "MGL"]
[SourceTitle "EXT 2020"]
[Source "ChessBase"]
[SourceDate "2019.10.17"]
[SourceVersion "1"]
[SourceVersionDate "2019.10.17"]
[SourceQuality "1"]

1. e4 e6 2. d4 d5 3. exd5 exd5 4. Nf3 Bd6 5. c4 dxc4 6. Bxc4 Nf6 7. Qe2+ Be7 8. 0-0 0-0 9. Nc3 Bg4 10. Rd1 Nc6 11. Be3 h6 12. h3 Bh5 13. g4 Nxg4 14. hxg4 Bxg4 15. Bf4 Bd6 16. Be5 Re8 17. Qe4 Bxf3 18. Qxf3 Nxe5 19. dxe5 Rxe5 20. Rd5 Qh4 21. Rxe5 Bxe5 22. Bxf7+ Kh8 23. Qh5 Qf4 24. Nd5 Qe4 25. Qg6 Qf3 26. Qh5 Qe4 27. Ne7 Bxb2 28. Ng6+ Kh7 29. Nh4 Kh8 30. Bd5 Qc2 31. Re1 Bd4 32. Re8+ 1-0

[Event "MGL-ch (Women) 51st"]
[Site "Murun"]
[Date "2019.09.23"]
[Round "4"]
[White "Udval, Enkhsaikhan"]
[Black "Munkhzul, Davaakhuu"]
[Result "0-1"]
[WhiteElo "1721"]
[BlackElo "2007"]
[PlyCount "106"]
[EventDate "2019.09.21"]
[EventType "tourn"]
[EventRounds "11"]
[EventCountry "MGL"]
[SourceTitle "EXT 2020"]
[Source "ChessBase"]
[SourceDate "2019.10.17"]
[SourceVersion "1"]
[SourceVersionDate "2019.10.17"]
[SourceQuality "1"]

1. d4 Nf6 2. c4 e6 3. Nf3 b6 4. Bg5 Bb7 5. e3 h6 6. Bh4 Bb4+ 7. Nc3 g5 8. Bg3 Ne4 9. Qb3 Bxc3+ 10. bxc3 d6 11. Bd3 0-0 12. Nd2 Nxd2 13. Kxd2 f5 14. f3 Nc6 15. c5 d5 16. cxb6 cxb6 17. h4 f4 18. hxg5 fxe3+ 19. Kxe3 Qxg5+ 20. Kf2 Qd2+ 21. Be2 Ba6 22. Qd1 Qxe2+ 23. Qxe2 Bxe2 24. Kxe2 Rf6 25. Rh4 Rg6 26. Kf2 Ne7 27. Bf4 Rc8 28. Rc1 Kg7 29. g4 b5 30. Bd2 Rc4 31. Rch1 Ng8 32. g5 hxg5 33. Rh7+ Kf6 34. Rxa7 Rh6 35. Rg1 Rg6 36. Ke2 Nh6 37. Kd3 Nf5 38. Rb7 Ra4 39. Rxb5 Rxa2 40. Rb6 Nh4 41. Re1 Rxd2+ 42. Kxd2 Nxf3+ 43. Ke2 Nxe1 44. Kxe1 Kf5 45. Ke2 Ke4 46. Kf2 Rf6+ 47. Kg3 Rf3+ 48. Kg4 Rxc3 49. Kxg5 Kxd4 50. Rxe6 Rf3 51. Kg4 Rf8 52. Rd6 Ke4 53. Re6+ Kd3 0-1

[Event "MGL-ch (Women) 51st"]
[Site "Murun"]
[Date "2019.09.22"]
[Round "2"]
[White "Udval, Enkhsaikhan"]
[Black "Altantuya, Boldbaatar"]
[Result "0-1"]
[WhiteElo "1721"]
[BlackElo "2277"]
[PlyCount "94"]
[EventDate "2019.09.21"]
[EventType "tourn"]
[EventRounds "11"]
[EventCountry "MGL"]
[SourceTitle "EXT 2020"]
[Source "ChessBase"]
[SourceDate "2019.10.17"]
[SourceVersion "1"]
[SourceVersionDate "2019.10.17"]
[SourceQuality "1"]

1. e4 c5 2. c3 d5 3. exd5 Qxd5 4. d4 cxd4 5. cxd4 Nf6 6. Nc3 Qd8 7. Nf3 e6 8. Bf4 Be7 9. Bd3 Nc6 10. 0-0 0-0 11. a3 b6 12. Rc1 Bb7 13. Bb1 Rc8 14. Qd3 Nb8 15. Rfd1 Ba6 16. Qc2 Bb7 17. Qd3 Nbd7 18. Ng5 g6 19. Nce4 Nxe4 20. Nxe4 Rxc1 21. Rxc1 Nf6 22. Nc3 Nd5 23. Bh6 Bg5 24. Bxf8 Bxc1 25. Ne2 Kxf8 26. Nxc1 Qg5 27. Ne2 Ne3 28. g3 Qd5 29. Qe4 Qb3 30. Qd3 Qd5 31. Qe4 Nc4 32. Qxd5 Bxd5 33. Nc3 Nxb2 34. Nxd5 exd5 35. Bc2 b5 36. Bb3 Nc4 37. a4 b4 38. f4 Nd2 39. Bxd5 b3 40. Kf2 b2 41. Ba2 Ne4+ 42. Ke3 Nc3 43. Kd2 Nxa2 44. Kc2 Nc3 45. Kxb2 Nxa4+ 46. Kb3 Nb6 47. Kb4 Ke7 0-1

[Event "MGL-ch (Women) 51st"]
[Site "Murun"]
[Date "2019.09.21"]
[Round "1"]
[White "Enkhtuul, Altanulzii"]
[Black "Udval, Enkhsaikhan"]
[Result "1-0"]
[WhiteElo "2237"]
[BlackElo "1721"]
[PlyCount "175"]
[EventDate "2019.09.21"]
[EventType "tourn"]
[EventRounds "11"]
[EventCountry "MGL"]
[SourceTitle "EXT 2020"]
[Source "ChessBase"]
[SourceDate "2019.10.17"]
[SourceVersion "1"]
[SourceVersionDate "2019.10.17"]
[SourceQuality "1"]

1. e4 e6 2. d4 d5 3. exd5 exd5 4. Bd3 Bd6 5. h3 Nc6 6. c3 Nge7 7. Ne2 Bf5 8. Bg5 f6 9. Bf4 g5 10. Bxd6 Qxd6 11. Na3 0-0-0 12. Qc2 Bxd3 13. Qxd3 f5 14. 0-0-0 Qd7 15. Rhe1 Kb8 16. Nc2 Nc8 17. Ng3 Nd6 18. Qf3 Qf7 19. Nf1 f4 20. Nd2 Rhe8 21. Rxe8 Rxe8 22. Re1 Rg8 23. Qg4 h5 24. Qe6 g4 25. Qxf7 Nxf7 26. hxg4 hxg4 27. g3 fxg3 28. fxg3 Nd6 29. Ne3 Ne7 30. Rf1 c6 31. Rf4 Rg5 32. Ndf1 Nef5 33. Nxg4 Ne4 34. Ne5 Nfxg3 35. Rf8+ Kc7 36. Ne3 Nd6 37. Rh8 Rh5 38. Rg8 Rh1+ 39. Kc2 Rh2+ 40. Kb3 Nge4 41. Rg7+ Kb6 42. Nd7+ Ka5 43. Rg2 Rxg2 44. Nxg2 b5 45. Ne1 Ka6 46. Nd3 Kb7 47. a4 Nd2+ 48. Kc2 N2c4 49. axb5 Nxb5 50. N3c5+ Kc7 51. b3 Ne3+ 52. Kd2 Nf5 53. Kd3 Nfd6 54. Ne5 Ne4 55. Na4 Nbd6 56. c4 dxc4+ 57. bxc4 Nf6 58. Kc3 Nb7 59. Nb2 Kd6 60. Nf7+ Ke6 61. Ne5 Kf5 62. Nf3 Ke4 63. Nd2+ Ke3 64. Nd1+ Ke2 65. Nb2 Ke3 66. Nb3 a5 67. c5 Ke4 68. Kc4 Nd5 69. Nd2+ Ke3 70. Nb3 Ke4 71. Na4 Ne3+ 72. Kc3 Nd5+ 73. Kd2 Nb4 74. Nc3+ Kf4 75. Nc1 Nd8 76. Nb3 Nb7 77. Ne2+ Kf3 78. Nc3 Kf4 79. Ke2 Nc2 80. Kd3 Nb4+ 81. Kc4 Ke3 82. Nxa5 Nxa5+ 83. Kxb4 Nb7 84. d5 cxd5 85. c6 Nd6 86. Kc5 d4 87. Nd5+ Ke2 88. Kxd6 1-0